Tierra, indio, mujer: pensamiento social de Gabriela Mistral

Guardat en:
Dades bibliogràfiques
Autors principals: Figueroa, Lorena (Autor), Silva, Keiko (Autor), Vargas, Patricia (Autor)
Format: Llibre
Idioma:espanyol
Publicat: Santiago LOM 2000
Col·lecció:Colección Sin Norte. Serie Punto de Fuga
Matèries:
Etiquetes: Afegir etiqueta
Sense etiquetes, Sigues el primer a etiquetar aquest registre!

MARC

LEADER 00000nam a2200000 a 4500
001 UCM9064
003 CL-VaPUC
008 030411e20000100CL |||||||||||||||||spa|d
082 0 4 |a Ch860.9  |b FIG  |2 21 
100 0 |a Figueroa, Lorena  |e author  |9 475421 
700 0 |a Silva, Keiko  |e author  |9 475422 
700 0 |a Vargas, Patricia  |e author  |9 475423 
245 1 0 |a Tierra, indio, mujer: pensamiento social de Gabriela Mistral 
300 |a 143 p 
942 |c BK 
945 |d 20030411 00:00:00  |a vberengu 
260 |a Santiago  |b LOM  |c 2000 
600 0 |a Mistral, Gabriela,  |d 1889-1957  |e autora  |q Godoy Alcayaga, Lucila  |9 866296 
650 0 |a Literatura chilena   |9 308278 
650 0 |a Crítica e interpretación   |9 255042 
650 7 |a FILOSOFIA POLITICA  |2 CL-VaPUC  |9 475425 
583 |a last modification  |c 20160913 11:38:09  |k Rodrigo Vera 
490 0 |a Colección Sin Norte. Serie Punto de Fuga 
999 |c 303443  |d 303441 
952 |0 0  |1 0  |4 0  |6 CH_860_900000000000000_FIG_2000  |7 0  |8 A  |9 364741  |a BIBHIS  |b BIBHIS  |d 2019-11-21  |i 3892808  |o Ch860.9 FIG 2000  |p 3892808  |r 2025-01-20  |w 2019-11-21  |y BK  |k HIS